[Event "Superbet Blitz 2022"]
[Site "Warsaw POL"]
[Date "2022.05.23"]
[Round "13.2"]
[White "Rapport, Richard"]
[Black "Duda, Jan-Krzysztof"]
[Result "0-1"]
[WhiteTitle "GM"]
[BlackTitle "GM"]
[WhiteElo "2776"]
[BlackElo "2750"]
[WhiteFideId "738590"]
[BlackFideId "1170546"]
[EventDate "2022.05.22"]

1. e4 e5 2. Nf3 Nc6 3. Nc3 Nf6 4. a4 d5 5. Bb5 d4 6. Ne2 Bd6 7. d3 Bd7 8. Ng3 a6
9. Bc4 h6 10. O-O O-O 11. Bd2 Re8 12. h3 Be6 13. Bxe6 Rxe6 14. a5 Bf8 15. Nh2 g6
16. Kh1 Bg7 17. f4 exf4 18. Bxf4 h5 19. Nf3 Nd7 20. Ne2 Nde5 21. Qe1 Nxf3 22.
gxf3 Qd7 23. Qg3 Nb4 24. Rac1 Rc6 25. Rg1 Nxc2 26. h4 Nb4 27. Rxc6 Qxc6 28. Be5
Nxd3 29. Bxg7 Kxg7 30. Nxd4 Qf6 31. Nf5+ Kh7 32. Ne3 Qxb2 33. Qxc7 Nf2+ 34. Kh2
Ng4+ 35. Kh3 Nxe3 36. Qxf7+ Qg7 37. Qb3 Qd7+ 38. Kg3 Qc7+ 39. f4 Ng4 40. Rb1 Rd8
41. Qxb7 Rd3+ 42. Kg2 Qxb7 43. Rxb7+ Kh6 44. Rb6 Rd2+ 45. Kg3 Rd3+ 46. Kg2 Kg7
47. Rxa6 Nf6 48. Ra7+ Kf8 49. a6 Ra3 50. e5 Nd5 51. Kh2 Nxf4 52. Ra8+ Kf7 53. a7
Ne6 54. Kg2 Nc7 0-1

[Event "Superbet Blitz 2022"]
[Site "Warsaw POL"]
[Date "2022.05.23"]
[Round "13.3"]
[White "Caruana, Fabiano"]
[Black "Korobov, Anton"]
[Result "1-0"]
[WhiteTitle "GM"]
[BlackTitle "GM"]
[WhiteElo "2786"]
[BlackElo "2671"]
[WhiteFideId "2020009"]
[BlackFideId "14105730"]
[EventDate "2022.05.22"]

1. c4 Nf6 2. Nc3 g6 3. e4 d6 4. d4 Bg7 5. Be2 O-O 6. Be3 Nbd7 7. h4 c5 8. d5 b5
9. cxb5 a6 10. a4 Qa5 11. Bd2 axb5 12. Nxb5 Qb6 13. Qc2 Ba6 14. Nf3 Ne8 15. O-O
Nc7 16. Nxc7 Qxc7 17. Bxa6 Rxa6 18. b4 Bxa1 19. Rxa1 Rb8 20. Nd4 Qb7 21. Nc6
cxb4 22. Nxe7+ Kf8 23. Nc6 Rc8 24. Qb2 f6 25. Bxb4 Kf7 26. Qd4 Ne5 27. Bc3 Qb6
28. Qxb6 Rxb6 29. Bxe5 dxe5 30. a5 Ra6 31. Rb1 Rc7 32. g4 h5 33. g5 fxg5 34.
hxg5 Rcxc6 35. dxc6 Rxa5 36. Rc1 Ra8 37. c7 Rc8 38. Rc6 Kg7 39. Kg2 Kf7 40. Kg3
Kg7 41. f4 exf4+ 42. Kxf4 Kf7 43. Ke5 h4 44. Kd6 1-0

[Event "Superbet Blitz 2022"]
[Site "Warsaw POL"]
[Date "2022.05.23"]
[Round "13.4"]
[White "So, Wesley"]
[Black "Gavrilescu, David"]
[Result "1-0"]
[WhiteTitle "GM"]
[BlackTitle "IM"]
[WhiteElo "2776"]
[BlackElo "2518"]
[WhiteFideId "5202213"]
[BlackFideId "1227190"]
[EventDate "2022.05.22"]

1. c4 e6 2. Nc3 d5 3. d4 Nf6 4. cxd5 exd5 5. Bg5 Bb4 6. e3 h6 7. Bh4 g5 8. Bg3
Ne4 9. Ne2 h5 10. h4 Nxg3 11. Nxg3 gxh4 12. Nxh5 Qg5 13. Nf4 c6 14. Qa4 Bxc3+
15. bxc3 Bf5 16. Qb4 b6 17. c4 dxc4 18. Qxc4 Rh6 19. Be2 Be4 20. Bf3 Bxf3 21.
gxf3 Nd7 22. Ke2 Qf5 23. a4 Kf8 24. Rag1 Re8 25. Rg4 h3 26. Rxh3 Rxh3 27. Nxh3
c5 28. Rf4 Qe6 29. dxc5 Qxc4+ 30. Rxc4 Nxc5 31. Ng5 Ke7 32. Ne4 Ne6 33. f4 f5
34. Ng3 Kf6 35. Rc6 Rd8 36. e4 Kf7 37. Nxf5 Nxf4+ 38. Ke3 Ne6 39. Nd6+ Ke7 40.
Nf5+ Kf7 41. Nd6+ Ke7 42. Nb5 Rd7 43. Nc3 Nc5 44. Nd5+ Kf7 45. a5 Ne6 46. axb6
axb6 47. Rxb6 Ra7 48. Rc6 Ra3+ 49. Rc3 Ra4 50. f4 Ra5 51. f5 Nc5 52. Kf4 Nd7 53.
Rc7 Ke8 54. Rc8+ Kf7 55. Rd8 Nc5 56. Rc8 Nd3+ 57. Ke3 Ne5 58. Rc7+ Kf8 59. Kf4
Nf7 60. f6 Nd6 61. Ke5 Nf7+ 62. Ke6 Ng5+ 63. Kf5 Nf7 64. Rc8+ 1-0

[Event "Superbet Blitz 2022"]
[Site "Warsaw POL"]
[Date "2022.05.23"]
[Round "14.1"]
[White "Aronian, Levon"]
[Black "Anand, Viswanathan"]
[Result "1-0"]
[WhiteTitle "GM"]
[BlackTitle "GM"]
[WhiteElo "2765"]
[BlackElo "2751"]
[WhiteFideId "13300474"]
[BlackFideId "5000017"]
[EventDate "2022.05.22"]

1. e4 e5 2. Nf3 Nf6 3. Nc3 Nc6 4. Bb5 Bb4 5. O-O O-O 6. Bxc6 dxc6 7. d3 Nd7 8.
Kh1 Re8 9. Rg1 Nf8 10. g4 Bd6 11. Qf1 a5 12. a4 Bd7 13. Qh3 b5 14. Qh5 Qf6 15.
Rg3 Bc5 16. Be3 Bxe3 17. fxe3 b4 18. Ne2 c5 19. b3 c4 20. bxc4 Rab8 21. Nc1 Qb6
22. Nb3 Qxe3 23. Nxe5 Qf4 24. Nxd7 Nxd7 25. Qf5 Qd6 26. Rf1 Re7 27. Qd5 Ne5 28.
Qxa5 Qd7 29. Qc5 Nc6 30. Qf5 Qe8 31. g5 Ra8 32. Rh3 g6 33. Qf4 Qf8 34. d4 Rxa4
35. e5 Na5 36. Nc5 Ra2 37. Ne4 1-0

[Event "Superbet Blitz 2022"]
[Site "Warsaw POL"]
[Date "2022.05.23"]
[Round "14.2"]
[White "Shevchenko, Kirill"]
[Black "So, Wesley"]
[Result "1/2-1/2"]
[WhiteTitle "GM"]
[BlackTitle "GM"]
[WhiteElo "2644"]
[BlackElo "2776"]
[WhiteFideId "14129574"]
[BlackFideId "5202213"]
[EventDate "2022.05.22"]

1. e4 e5 2. Nf3 Nc6 3. Bb5 a6 4. Ba4 Nf6 5. Nc3 Bc5 6. O-O b5 7. Bb3 O-O 8. d3
h6 9. a4 b4 10. Nd5 d6 11. Be3 Rb8 12. a5 Bxe3 13. fxe3 Nxd5 14. Bxd5 Ne7 15.
Bc4 c6 16. Qe1 d5 17. Bb3 f6 18. exd5 cxd5 19. e4 Kh8 20. exd5 Bb7 21. d4 exd4
22. Nxd4 Bxd5 23. Rd1 Bxb3 24. Ne6 Qxd1 25. Qxd1 Bxe6 26. Qd6 Bc4 27. Rf4 Rbd8
28. Qxe7 Rfe8 29. Qc5 Rd1+ 30. Kf2 Bb5 31. Kg3 Rd2 32. Rf2 Rxf2 33. Kxf2 Re5 34.
Qc8+ Kh7 35. c4 bxc3 36. bxc3 Re2+ 37. Kf3 Re5 38. c4 Ba4 39. Qxa6 Bd1+ 40. Kf2
Be2 41. Qc6 Bxc4 42. Qxc4 Rxa5 43. Qe4+ Kh8 44. Kg3 Re5 45. Qd3 Kg8 46. Kf4 Kh8
47. h4 Kg8 48. g4 Kh8 49. Qd8+ Kh7 50. Qc8 Rd5 51. Qc2+ Kh8 52. Qc4 Re5 53. Qc8+
Kh7 54. Qd8 Rc5 55. Qd3+ Kh8 56. Qg6 Kg8 57. Ke4 Re5+ 58. Kd4 Ra5 59. Qe8+ Kh7
60. Qe4+ Kh8 61. Qe6 Kh7 62. Kc4 Re5 63. Qd7 Kh8 64. Qd8+ Kh7 65. Qd3+ Kh8 66.
Kb4 Kg8 67. Qd8+ Kh7 68. Qa8 h5 69. gxh5 Rxh5 70. Qe4+ Kh6 71. Qf4+ Kg6 72. Qg4+
Kh6 73. Kc4 Re5 74. Kd4 Kh7 75. h5 Rg5 76. Qf3 Kh6 77. Qa8 Rxh5 78. Qh8+ Kg6 79.
Qe8+ Kh6 80. Qf7 Re5 81. Qg8 Rh5 82. Ke4 Re5+ 83. Kf4 Kg6 84. Qh8 Rg5 85. Qe8+
Kh7 86. Qc8 Re5 87. Qa8 Rg5 1/2-1/2

[Event "Superbet Blitz 2022"]
[Site "Warsaw POL"]
[Date "2022.05.23"]
[Round "14.3"]
[White "Gavrilescu, David"]
[Black "Caruana, Fabiano"]
[Result "0-1"]
[WhiteTitle "IM"]
[BlackTitle "GM"]
[WhiteElo "2518"]
[BlackElo "2786"]
[WhiteFideId "1227190"]
[BlackFideId "2020009"]
[EventDate "2022.05.22"]

1. e4 c5 2. Nf3 Nc6 3. Bb5 e6 4. O-O Nge7 5. Re1 b6 6. c3 a6 7. Bf1 d5 8. exd5
Nxd5 9. d4 cxd4 10. Nxd4 Bb7 11. Nxc6 Bxc6 12. Nd2 Be7 13. Ne4 O-O 14. Qh5 h6
15. Ng3 Bg5 16. Bxg5 Qxg5 17. Rad1 Qxh5 18. Nxh5 Rfd8 19. Rd4 b5 20. Red1 Rab8
21. Nf4 Rdc8 22. Nxd5 Bxd5 23. a3 g5 24. g3 Kg7 25. h4 a5 26. Bg2 Bc4 27. R1d2
Kf6 28. Bf3 Bb3 29. Kg2 Rc7 30. hxg5+ hxg5 31. Rd7 Rbc8 32. Rxc7 Rxc7 33. Rd6
Rc5 34. Ra6 a4 35. Rc6 Re5 36. Rd6 Re1 37. Rd4 Rb1 38. Rb4 Bc4 39. Bc6 g4 40. f3
gxf3+ 41. Kxf3 Rg1 42. Bxb5 Bd5+ 43. Ke3 Rxg3+ 44. Kd4 Ba2 45. Bxa4 e5+ 46. Kc5
Be6 47. Bc6 Rg5 48. Kd6 Rg1 49. a4 Rd1+ 50. Kc7 Ra1 51. Kb6 Ke7 52. a5 Bc8 53.
Rb5 Kd6 54. Bb7 Bxb7 55. Kxb7 e4 56. a6 e3 57. Rb4 f5 58. Rd4+ Ke7 59. Rd5 Kf6
60. Rd8 e2 61. Re8 e1=Q 62. Rxe1 Rxe1 63. a7 Re7+ 64. Ka6 Re8 65. b4 f4 66. b5
f3 67. b6 f2 68. b7 f1=Q+ 69. Kb6 Qf2+ 0-1

[Event "Superbet Blitz 2022"]
[Site "Warsaw POL"]
[Date "2022.05.23"]
[Round "14.4"]
[White "Korobov, Anton"]
[Black "Rapport, Richard"]
[Result "1-0"]
[WhiteTitle "GM"]
[BlackTitle "GM"]
[WhiteElo "2671"]
[BlackElo "2776"]
[WhiteFideId "14105730"]
[BlackFideId "738590"]
[EventDate "2022.05.22"]

1. d4 e6 2. c4 c5 3. Nf3 Nf6 4. d5 d6 5. Nc3 exd5 6. cxd5 g6 7. Nd2 Nbd7 8. e4
Bg7 9. Be2 O-O 10. O-O Re8 11. h3 g5 12. Nc4 Nxe4 13. Nxe4 Rxe4 14. Nxd6 Rd4 15.
Qc2 Ne5 16. Qxc5 b6 17. Qxd4 Nf3+ 18. Bxf3 Bxd4 19. Nb5 Be5 20. Re1 Qf6 21. Nc3
h6 22. Bd2 Bb7 23. Re2 Ba6 24. Re3 Bf4 25. Ne4 Qg6 26. Bc3 Bxe3 27. Nf6+ Kg7 28.
fxe3 Qxf6 29. Rc1 Rc8 30. Bxf6+ Kxf6 31. Rc6+ Rxc6 32. dxc6 Ke5 33. Kf2 Kd6 34.
Kg3 f5 35. e4 Bc8 36. exf5 Bxf5 37. a3 a5 38. h4 Be6 39. b4 axb4 40. axb4 b5 41.
hxg5 hxg5 42. Kf2 Bf5 43. Ke3 Ke5 44. c7 Kd6 45. Kd4 Kxc7 46. Kc5 g4 47. Bc6 g3
48. Kxb5 Kd6 49. Kb6 Ke5 50. Kc5 Kf4 51. b5 1-0

[Event "Superbet Blitz 2022"]
[Site "Warsaw POL"]
[Date "2022.05.23"]
[Round "14.5"]
[White "Duda, Jan-Krzysztof"]
[Black "Wojtaszek, Radoslaw"]
[Result "1-0"]
[WhiteTitle "GM"]
[BlackTitle "GM"]
[WhiteElo "2750"]
[BlackElo "2696"]
[WhiteFideId "1170546"]
[BlackFideId "1118358"]
[EventDate "2022.05.22"]

1. e4 c5 2. Nc3 a6 3. d3 Nc6 4. g3 g6 5. Bg2 Bg7 6. Be3 d6 7. Qd2 Rb8 8. h3 Nd4
9. Nd1 e5 10. c3 Nc6 11. f4 b6 12. Nf3 Nge7 13. O-O O-O 14. g4 f5 15. Nf2 Kh8
16. Rad1 exf4 17. Bxf4 Ne5 18. d4 cxd4 19. cxd4 Nxf3+ 20. Bxf3 Nc6 21. exf5 Nxd4
22. Bg2 gxf5 23. Be3 Ne6 24. gxf5 Rxf5 25. Ng4 Rxf1+ 26. Rxf1 Bb7 27. Nh6 Qh4
28. Nf5 Qf6 29. Nxd6 Qg6 30. Nxb7 Rxb7 31. Kh1 Rb8 32. Qd6 Rg8 33. Rg1 Nc5 34.
Qxg6 hxg6 35. b4 Nd3 36. Be4 Re8 37. Rg4 Ne5 38. Rh4+ Kg8 39. Bd5+ Kf8 40. Bxb6
Bf6 41. Rh7 Re7 42. Bc5 1-0

[Event "Superbet Blitz 2022"]
[Site "Warsaw POL"]
[Date "2022.05.23"]
[Round "15.1"]
[White "Duda, Jan-Krzysztof"]
[Black "Aronian, Levon"]
[Result "1/2-1/2"]
[WhiteTitle "GM"]
[BlackTitle "GM"]
[WhiteElo "2750"]
[BlackElo "2765"]
[WhiteFideId "1170546"]
[BlackFideId "13300474"]
[EventDate "2022.05.22"]

1. c4 Nf6 2. Nf3 e6 3. g3 d5 4. b3 d4 5. Bg2 Nc6 6. O-O a5 7. e3 e5 8. d3 Bc5 9.
Ba3 Qd6 10. Bxc5 Qxc5 11. exd4 Nxd4 12. Nbd2 O-O 13. Nxd4 Qxd4 14. Nf3 Qd6 15.
d4 exd4 16. Qxd4 Qxd4 17. Nxd4 c6 18. Rfe1 Rd8 19. Rad1 Bg4 20. f3 Bd7 21. Bf1
Kf8 22. Kf2 c5 23. Ne2 a4 24. Nc3 axb3 25. axb3 Bc6 26. Rxd8+ Rxd8 27. Ra1 Rd2+
28. Be2 Rb2 29. Rb1 Rc2 30. Nd1 g6 31. Rb2 Rc1 32. b4 cxb4 33. Rxb4 Nd7 34. Ne3
Ke7 35. Rb2 Nc5 36. h4 h5 37. Rd2 Ra1 38. Kg2 Nb3 39. Rb2 Nd4 40. Nc2 Nxc2 41.
Rxc2 Kd6 42. Kf2 Kc5 43. g4 Rh1 44. gxh5 Rxh4 45. hxg6 fxg6 46. Rc3 g5 47. Re3
Kd6 48. Kg3 Rd4 49. Bf1 Bd7 50. Be2 b6 51. Rb3 Kc5 52. Re3 Kd6 53. Rb3 Kc5 54.
Re3 Kd6 1/2-1/2

[Event "Superbet Blitz 2022"]
[Site "Warsaw POL"]
[Date "2022.05.23"]
[Round "15.2"]
[White "Wojtaszek, Radoslaw"]
[Black "Korobov, Anton"]
[Result "0-1"]
[WhiteTitle "GM"]
[BlackTitle "GM"]
[WhiteElo "2696"]
[BlackElo "2671"]
[WhiteFideId "1118358"]
[BlackFideId "14105730"]
[EventDate "2022.05.22"]

1. d4 Nf6 2. c4 e6 3. Nf3 b6 4. g3 Bb7 5. Bg2 Be7 6. O-O O-O 7. Re1 Na6 8. a3 d5
9. cxd5 exd5 10. Nc3 c5 11. Bf4 Nc7 12. a4 Ne6 13. Be5 Ng4 14. e3 Nxe5 15. Nxe5
cxd4 16. exd4 Bf6 17. Qd3 a6 18. Rad1 Qd6 19. Qf5 Rae8 20. f4 b5 21. axb5 axb5
22. Kh1 b4 23. Ne2 Bd8 24. Ng1 g6 25. Qd3 f6 26. Ng4 Ng7 27. Ne3 Re4 28. Bxe4
dxe4 29. Qb5 Ba6 30. Qd5+ Qxd5 31. Nxd5 b3 32. Ne2 f5 33. Ra1 Bc4 34. Nec3 Ne6
35. Ne3 Bd3 36. d5 Nd4 37. d6 Rf6 38. d7 Rd6 39. Ra8 Rxd7 40. Ncd5 Kf7 41. Rea1
Ke6 42. Kg1 Nc2 43. R1a5 Nxe3 44. Nxe3 Bb6 45. Re5+ Kf7 46. Kf2 Bc4 47. Rh8 Rd2+
48. Ke1 Bxe3 49. Rxh7+ Kf6 50. Re8 Rxb2 51. Rf8+ Ke6 52. Re8+ Kd6 53. Rd8+ Kc5
54. Rc7+ Kb4 55. Rb8+ Kc3 0-1

[Event "Superbet Blitz 2022"]
[Site "Warsaw POL"]
[Date "2022.05.23"]
[Round "15.3"]
[White "Rapport, Richard"]
[Black "Gavrilescu, David"]
[Result "1-0"]
[WhiteTitle "GM"]
[BlackTitle "IM"]
[WhiteElo "2776"]
[BlackElo "2518"]
[WhiteFideId "738590"]
[BlackFideId "1227190"]
[EventDate "2022.05.22"]

1. Nc3 d5 2. e3 Nf6 3. Nf3 c5 4. Bb5+ Bd7 5. Qe2 Nc6 6. O-O g6 7. Bxc6 Bxc6 8.
Ne5 Qc7 9. Nxc6 Qxc6 10. d3 Bg7 11. e4 dxe4 12. dxe4 O-O 13. Bg5 Rfd8 14. Rad1
a6 15. a4 Rd4 16. e5 Nd5 17. Nxd5 Qxd5 18. c3 Rxd1 19. Rxd1 Qxe5 20. Qxe5 Bxe5
21. Bxe7 b5 22. axb5 axb5 23. Bxc5 h5 24. g3 Ra2 25. Rb1 g5 26. Kf1 Kh7 27. Ke1
Kg6 28. Kd2 Kf5 29. Ba3 1-0

[Event "Superbet Blitz 2022"]
[Site "Warsaw POL"]
[Date "2022.05.23"]
[Round "15.4"]
[White "Caruana, Fabiano"]
[Black "Shevchenko, Kirill"]
[Result "0-1"]
[WhiteTitle "GM"]
[BlackTitle "GM"]
[WhiteElo "2786"]
[BlackElo "2644"]
[WhiteFideId "2020009"]
[BlackFideId "14129574"]
[EventDate "2022.05.22"]

1. d4 Nf6 2. c4 c6 3. Nf3 d5 4. e3 Bf5 5. Nc3 e6 6. Nh4 Bg6 7. Be2 Nbd7 8. O-O
Bd6 9. g3 O-O 10. Nxg6 hxg6 11. Qb3 Rb8 12. Bd2 Qe7 13. Rad1 Rfe8 14. Qc2 a6 15.
c5 Bc7 16. f4 Ba5 17. Nb1 Bc7 18. Bd3 Ng4 19. b4 f5 20. a4 Kf7 21. h3 Ngf6 22.
b5 axb5 23. axb5 Rh8 24. Kg2 Ne4 25. Bxe4 fxe4 26. b6 Bd8 27. Nc3 Nf6 28. Ra1
Qd7 29. g4 Be7 30. Be1 Rh7 31. Bg3 Rbh8 32. Rh1 Ng8 33. Qf2 Nf6 34. Qe2 Rf8 35.
Nb1 Kg8 36. Nd2 Ne8 37. g5 e5 38. Qg4 Qf5 39. Qxf5 gxf5 40. dxe5 Bxc5 41. Bf2 g6
42. Rhb1 Ng7 43. Nb3 Bxb6 44. Nd2 Bc5 45. Rxb7 Ne6 46. Rxh7 Kxh7 47. Ra6 d4 48.
exd4 Nxf4+ 49. Kh2 Bb4 50. Nf1 Nd3 51. Bh4 f4 52. Rxc6 e3 53. Nxe3 fxe3 54. e6
e2 55. Rc7+ Kg8 56. Rd7 Be1 57. Bxe1 Nxe1 58. e7 Nf3+ 59. Kg2 Re8 0-1

[Event "Superbet Blitz 2022"]
[Site "Warsaw POL"]
[Date "2022.05.23"]
[Round "15.5"]
[White "So, Wesley"]
[Black "Anand, Viswanathan"]
[Result "1/2-1/2"]
[WhiteTitle "GM"]
[BlackTitle "GM"]
[WhiteElo "2776"]
[BlackElo "2751"]
[WhiteFideId "5202213"]
[BlackFideId "5000017"]
[EventDate "2022.05.22"]

1. d4 Nf6 2. c4 e6 3. Nf3 d5 4. g3 dxc4 5. Bg2 c5 6. O-O Nc6 7. dxc5 Qxd1 8.
Rxd1 Bxc5 9. Nbd2 c3 10. bxc3 O-O 11. Nb3 Be7 12. c4 Bd7 13. Bb2 Rfc8 14. Rac1
Be8 15. Nfd4 a5 16. Nxc6 Bxc6 17. Bxc6 Rxc6 18. Nd4 Rcc8 19. Nb5 a4 20. Bxf6
Bxf6 21. Rd7 b6 22. Rb7 Rab8 23. Ra7 Ra8 24. Rb7 Rab8 25. Ra7 Ra8 26. Rb7 1/2-1/2

[Event "Superbet Blitz 2022"]
[Site "Warsaw POL"]
[Date "2022.05.23"]
[Round "16.1"]
[White "Aronian, Levon"]
[Black "So, Wesley"]
[Result "1-0"]
[WhiteTitle "GM"]
[BlackTitle "GM"]
[WhiteElo "2765"]
[BlackElo "2776"]
[WhiteFideId "13300474"]
[BlackFideId "5202213"]
[EventDate "2022.05.22"]

1. e4 e5 2. Bc4 Nf6 3. d3 c6 4. Nf3 Be7 5. O-O d6 6. Re1 O-O 7. Nbd2 Nbd7 8. a3
d5 9. Ba2 Qc7 10. d4 dxe4 11. Nxe4 exd4 12. Qxd4 Nxe4 13. Qxe4 Bf6 14. Bf4 Qa5
15. Bd6 Bxb2 16. Bxf8 Nxf8 17. Qe8 Qf5 18. Re7 Be6 19. Qxa8 Bxa1 20. Re8 Qc5 21.
Bxe6 fxe6 22. Qxb7 Qxc2 23. g3 1-0

[Event "Superbet Blitz 2022"]
[Site "Warsaw POL"]
[Date "2022.05.23"]
[Round "16.2"]
[White "Anand, Viswanathan"]
[Black "Caruana, Fabiano"]
[Result "1/2-1/2"]
[WhiteTitle "GM"]
[BlackTitle "GM"]
[WhiteElo "2751"]
[BlackElo "2786"]
[WhiteFideId "5000017"]
[BlackFideId "2020009"]
[EventDate "2022.05.22"]

1. e4 c5 2. Nf3 d6 3. Bb5+ Bd7 4. Bxd7+ Qxd7 5. O-O Nc6 6. c3 e6 7. d4 d5 8.
exd5 Qxd5 9. dxc5 Qxd1 10. Rxd1 Bxc5 11. Nbd2 O-O-O 12. b4 Be7 13. Bb2 Nf6 14.
b5 Nb8 15. c4 Nbd7 16. Nb3 Nc5 17. Bd4 Na4 18. Ne5 Rhf8 19. Bxa7 Ne4 20. Be3 Bf6
21. f4 g5 22. Rxd8+ Rxd8 23. Re1 Bxe5 24. fxe5 Rd3 25. Bd4 Nec3 26. Bxc3 Nxc3
27. Rf1 Ne2+ 28. Kf2 Nf4 29. g3 Ng6 30. Ke2 Rd7 31. Nc5 Rc7 32. Nd3 Rxc4 33.
Rxf7 Nxe5 34. Nxe5 Re4+ 35. Kf3 Rxe5 36. Rxh7 Rxb5 37. Kg4 Ra5 38. Re7 Rxa2 39.
h3 Ra5 40. Rxe6 Rc5 41. h4 gxh4 42. gxh4 Kc7 43. h5 b5 44. h6 Rc1 45. Re4 Rg1+
46. Kh5 Rg8 47. h7 Rh8 48. Kg6 Kc6 49. Re5 Kb6 50. Kg7 Rd8 51. h8=Q Rxh8 52.
Kxh8 Ka5 53. Kg7 Ka4 54. Re8 b4 55. Kf6 b3 56. Rb8 Ka3 57. Ke5 Kb2 58. Kd4 Kc2
59. Rc8+ Kd2 60. Rh8 b2 61. Rh2+ Kc1 62. Kc3 b1=N+ 63. Kd3 Na3 64. Ra2 Nb1 65.
Rc2+ Kd1 66. Rc7 Na3 67. Rc3 Nb1 68. Rc5 Na3 69. Kc3 Nb1+ 70. Kd3 Na3 71. Rc8
Nb1 72. Rc2 Na3 73. Rb2 Kc1 74. Ra2 Nb1 75. Rc2+ Kd1 76. Rh2 Kc1 1/2-1/2

[Event "Superbet Blitz 2022"]
[Site "Warsaw POL"]
[Date "2022.05.23"]
[Round "16.3"]
[White "Shevchenko, Kirill"]
[Black "Rapport, Richard"]
[Result "0-1"]
[WhiteTitle "GM"]
[BlackTitle "GM"]
[WhiteElo "2644"]
[BlackElo "2776"]
[WhiteFideId "14129574"]
[BlackFideId "738590"]
[EventDate "2022.05.22"]

1. e4 c5 2. c3 Qa5 3. Nf3 d6 4. Na3 Nf6 5. Nc4 Qc7 6. e5 dxe5 7. Ncxe5 Nbd7 8.
d4 e6 9. Bd3 Bd6 10. Qe2 O-O 11. O-O b6 12. Bf4 Bb7 13. Rfe1 Nd5 14. Bg3 cxd4
15. cxd4 N7f6 16. Rac1 Qe7 17. a3 Rac8 18. Rcd1 h6 19. Bb1 Rfd8 20. Qd3 Qc7 21.
h3 a6 22. Qd2 b5 23. Bh4 b4 24. Rc1 Qe7 25. Rxc8 Rxc8 26. Qd3 Qd8 27. axb4 Bxb4
28. Rd1 Be7 29. Re1 Nb4 30. Qd2 a5 31. b3 Nbd5 32. Qd3 Rc3 33. Qb5 Qb6 34. Qe2
Rxb3 35. Bc2 Rb2 36. Qd1 Bb4 37. Nc4 Qb5 38. Nxb2 Bxe1 39. Nd3 Bb4 40. Nfe5 Be7
41. Ba4 Qb6 42. Nf3 Nc3 43. Qc2 Nxa4 44. Qxa4 Bxf3 45. gxf3 Qb1+ 0-1

[Event "Superbet Blitz 2022"]
[Site "Warsaw POL"]
[Date "2022.05.23"]
[Round "16.4"]
[White "Gavrilescu, David"]
[Black "Wojtaszek, Radoslaw"]
[Result "1-0"]
[WhiteTitle "IM"]
[BlackTitle "GM"]
[WhiteElo "2518"]
[BlackElo "2696"]
[WhiteFideId "1227190"]
[BlackFideId "1118358"]
[EventDate "2022.05.22"]

1. e4 c6 2. Nf3 d5 3. Nc3 Bg4 4. h3 Bxf3 5. Qxf3 e6 6. Be2 Nf6 7. O-O dxe4 8.
Nxe4 Nxe4 9. Qxe4 Nd7 10. b3 Nf6 11. Qe3 Nd5 12. Qf3 Qf6 13. Qxf6 Nxf6 14. Bb2
Be7 15. a4 a5 16. Bf3 Rd8 17. d3 O-O 18. Bc3 Ra8 19. Rfe1 Rfd8 20. Be5 Nd5 21.
g3 Bf6 22. h4 Bxe5 23. Rxe5 Nb4 24. Re2 g6 25. h5 Kg7 26. Kf1 Kf6 27. Ke1 Rd6
28. Kd2 Rad8 29. Be4 Na6 30. Rh1 Nc5 31. Bg2 Rd4 32. Re3 g5 33. h6 R4d6 34. Bf3
b6 35. Kc3 Rg8 36. d4 Na6 37. Be4 Rh8 38. Rh5 c5 39. Rf3+ Ke7 40. Rxg5 cxd4+ 41.
Kd2 Nc5 42. Bd3 Nd7 43. Bb5 Nf6 44. Rg7 e5 45. g4 Rf8 46. Rf5 Ne4+ 47. Kd3 Nc5+
48. Ke2 Rxh6 49. Rxe5+ Re6 50. Rxe6+ Kxe6 51. Rxh7 Ne4 52. Bc4+ Kf6 53. Rh6+ Ke5
54. Rxb6 Nc3+ 55. Kd3 Rh8 56. f4+ Kxf4 57. Kxd4 Ne4 58. Bxf7 Rd8+ 59. Bd5 Nd2
60. c4 Kxg4 61. c5 Nf3+ 62. Kc4 Nd2+ 63. Kd4 Nf3+ 64. Kc4 Nd2+ 65. Kb5 Rxd5 66.
Kc6 Re5 67. Kd6 Kf4 68. c6 Ne4+ 69. Kd7 Nc5+ 70. Kd8 Ne6+ 71. Kd7 Nc5+ 72. Kd6
Ne4+ 73. Kc7 Rc5 74. Rb5 Rc1 75. Kb6 Nd6 76. Rxa5 Rb1 77. Kc7 Ne8+ 78. Kd8 Nf6
79. c7 Rd1+ 80. Kc8 Ne8 81. Rc5 Rb1 82. Rc3 Ke5 83. a5 Ra1 84. b4 Ra4 85. Re3+
Kd6 86. Rxe8 1-0

[Event "Superbet Blitz 2022"]
[Site "Warsaw POL"]
[Date "2022.05.23"]
[Round "16.5"]
[White "Korobov, Anton"]
[Black "Duda, Jan-Krzysztof"]
[Result "1-0"]
[WhiteTitle "GM"]
[BlackTitle "GM"]
[WhiteElo "2671"]
[BlackElo "2750"]
[WhiteFideId "14105730"]
[BlackFideId "1170546"]
[EventDate "2022.05.22"]

1. c4 Nf6 2. Nc3 c5 3. Nf3 Nc6 4. d4 cxd4 5. Nxd4 e6 6. a3 Bc5 7. Nb3 Bb6 8. c5
Bc7 9. g3 O-O 10. Bg2 b6 11. O-O Rb8 12. Nb5 Be5 13. f4 Bc7 14. Kh1 bxc5 15.
Nxc7 Qxc7 16. Nxc5 d6 17. Nd3 Bb7 18. e4 Na5 19. Re1 Ba8 20. b4 Nc4 21. Ra2 Rfc8
22. Rc2 Qd8 23. g4 Nb6 24. g5 Rxc2 25. Qxc2 Rc8 26. Qf2 Nfd7 27. Bb2 a5 28. Qd4
Qf8 29. bxa5 Nc4 30. a6 e5 31. Qf2 Qd8 32. Rf1 Qe7 33. Ba1 Rf8 34. h4 Nxa3 35.
f5 Qd8 36. f6 g6 37. h5 Qa5 38. hxg6 fxg6 39. Qa2+ d5 40. exd5 Qxa6 41. Nb4 Qa4
42. Nc6 Qh4+ 43. Kg1 Nc4 44. Qa7 Qg4 45. Rc1 Nd2 46. Qe3 h6 47. Qxd2 hxg5 48.
Nxe5 Nxe5 49. Bxe5 Bb7 50. Rc7 Ra8 51. Rg7+ Kh8 52. Rxb7 Ra1+ 53. Kf2 Qf5+ 54.
Qf4 Ra2+ 55. Kg1 Ra1+ 56. Kh2 1-0

[Event "Superbet Blitz 2022"]
[Site "Warsaw POL"]
[Date "2022.05.23"]
[Round "17.1"]
[White "Korobov, Anton"]
[Black "Aronian, Levon"]
[Result "1/2-1/2"]
[WhiteTitle "GM"]
[BlackTitle "GM"]
[WhiteElo "2671"]
[BlackElo "2765"]
[WhiteFideId "14105730"]
[BlackFideId "13300474"]
[EventDate "2022.05.22"]

1. e4 e5 2. Nf3 Nc6 3. Bb5 Nf6 4. O-O Nxe4 5. Re1 Nd6 6. Nxe5 Be7 7. d4 Nxb5 8.
Nxf7 Kxf7 9. Qh5+ Kf8 10. Qxb5 Nxd4 11. Qd3 Bf6 12. Be3 Nc6 13. Nc3 Bxc3 14.
Qxc3 Qf6 15. Qb3 Qf7 16. c4 d6 17. Rac1 h6 18. Rc3 b6 19. Qa4 Bb7 20. c5 dxc5
21. Bxc5+ Kg8 22. Rf3 Qd5 23. Rd1 Qe6 24. Re3 Qf5 25. Rf3 Qh5 26. Rd7 Ne5 27.
Qb3+ Kh7 28. Qc2+ Kg8 29. Qb3+ Kh7 30. Qc2+ Kg8 31. Qb3+ 1/2-1/2

[Event "Superbet Blitz 2022"]
[Site "Warsaw POL"]
[Date "2022.05.23"]
[Round "17.2"]
[White "Duda, Jan-Krzysztof"]
[Black "Gavrilescu, David"]
[Result "1-0"]
[WhiteTitle "GM"]
[BlackTitle "IM"]
[WhiteElo "2750"]
[BlackElo "2518"]
[WhiteFideId "1170546"]
[BlackFideId "1227190"]
[EventDate "2022.05.22"]

1. d4 d5 2. c4 e6 3. Nc3 Nf6 4. Bg5 dxc4 5. e3 c5 6. Nf3 cxd4 7. Nxd4 Be7 8.
Bxc4 O-O 9. O-O Bd7 10. Qe2 Nc6 11. Nf3 a6 12. Rfd1 Qc7 13. h3 Rfd8 14. Bf4 Qb6
15. e4 Na5 16. e5 Nh5 17. Be3 Qb4 18. Rd4 Be8 19. Re4 Nxc4 20. Rxc4 Bb5 21. Rxb4
Bxe2 22. Rxb7 Bxf3 23. Rxe7 Bc6 24. g4 Bd7 25. gxh5 Kf8 26. Bc5 1-0